शिकारी राजकुमारः (Record no. 32402)

MARC details
000 -LEADER
fixed length control field 02570nam a22002657a 4500
005 - DATE AND TIME OF LATEST TRANSACTION
control field 20091210115216.0
020 ## - INTERNATIONAL STANDARD BOOK NUMBER
Terms of availability 120.00
International Standard Book Number 8188537489
035 ## - SYSTEM CONTROL NUMBER
System control number B-372810-816
037 ## - SOURCE OF ACQUISITION
Source of stock number/acquisition परमहंस प्रकाशन/PUB
082 ## - DEWEY DECIMAL CLASSIFICATION NUMBER
Classification number
100 ## - MAIN ENTRY--PERSONAL NAME
Personal name प्रेमचन्द
245 ## - TITLE STATEMENT
Title शिकारी राजकुमारः
Statement of responsibility, etc प्रेमचन्द
Remainder of title एक से बढ़कर एक कहानियाँ /
260 ## - PUBLICATION, DISTRIBUTION, ETC. (IMPRINT)
Place of publication, distribution, etc मथुरा
Name of publisher, distributor, etc परमहंस प्रकाशन
Date of publication, distribution, etc 2009
270 ## - ADDRESS
Address हालन गंज, कच्ची सड़क
City मथुरा
Postal code 281001
300 ## - PHYSICAL DESCRIPTION
Extent 112पृ
Dimensions 22सेमी (सजिल्द)
Other physical details सचित्र
942 ## - ADDED ENTRY ELEMENTS (KOHA)
Source of classification or shelving scheme Dewey Decimal Classification
Item type Children Books
Classification part
Call number suffix प्रेमच
Holdings
Withdrawn status Lost status Not for loan Collection code Home library Current library Date acquired Source of acquisition Cost, normal purchase price Full call number Barcode Copy number Cost, replacement price Koha item type
Withdrawn     Fiction Janak Puri Janak Puri 23/08/2010 परमहंस प्रकाशन/106/23.01.10/296/16.01.10/11.02.10 120.00 क प्रेमच B-372811 2 120.00 Children Books
      Fiction Janak Puri Janak Puri 23/08/2010 परमहंस प्रकाशन/106/23.01.10/296/16.01.10/11.02.10 120.00 क प्रेमच B-372812 2 120.00 Children Books
      Fiction Narela Narela 23/08/2010 परमहंस प्रकाशन/106/23.01.10/296/16.01.10/11.02.10 120.00 क प्रेमच B-372815 1 120.00 Children Books
      Fiction Patel Nagar Patel Nagar 23/08/2010 परमहंस प्रकाशन/106/23.01.10/296/16.01.10/11.02.10 120.00 क प्रेमच B-372810 1 120.00 Children Books
      Fiction Sarojini Nagar Sarojini Nagar 23/08/2010 परमहंस प्रकाशन/106/23.01.10/296/16.01.10/11.02.10 120.00 क प्रेमच B-372813 1 120.00 Children Books
      Fiction Shahdara Branch Shahdara Branch 23/08/2010 परमहंस प्रकाशन/106/23.01.10/296/16.01.10/11.02.10 120.00 क प्रेमच B-372816 1 120.00 Children Books
      Fiction Vinoba Puri Vinoba Puri 23/08/2010 परमहंस प्रकाशन/106/23.01.10/296/16.01.10/11.02.10 120.00 क प्रेमच B-372814 1 120.00 Children Books

© Delhi Public Library
Hit Counter
free hit counter